[Event "32. Copenhagen Open (Politiken Cup)"]
[Site "Elsinore"]
[Date "2010.08.01"]
[Round "2"]
[White "Wadtland, Flemming"]
[Black "Schmidt, Horst Hubert"]
[Result "0-1"]
[WhiteElo "1567"]
[BlackElo "1878"]
[PlyCount "32"]
[EventDate "2010.07.31"]
[EventType "swiss"]
[EventRounds "10"]
[EventCountry "DEN"]
[Source "ChessBase"]
[SourceDate "2010.09.01"]

1. b4 d5 2. Bb2 e6 3. e3 Nf6 4. b5 Be7 5. Nf3 O-O 6. d4 c5 7. c4 cxd4 8. Qxd4
Nbd7 9. Qc3 Nc5 10. a4 Nce4 11. Qd4 Bb4+ 12. Nbd2 Qa5 13. Be2 e5 14. Nxe5 Nxd2
15. Kd1 Nb3 16. Qd3 Nxa1 0-1

[Event "32. Copenhagen Open (Politiken Cup)"]
[Site "Elsinore"]
[Date "2010.08.01"]
[Round "2"]
[White "Willumsen, Henrik"]
[Black "Christensen, Anders"]
[Result "1-0"]
[WhiteElo "2165"]
[BlackElo "1971"]
[PlyCount "37"]
[EventDate "2010.07.31"]
[EventType "swiss"]
[EventRounds "10"]
[EventCountry "DEN"]
[Source "ChessBase"]
[SourceDate "2010.09.01"]

1. e4 e5 2. Nf3 Nc6 3. Bb5 a6 4. Ba4 Nf6 5. O-O d6 6. c3 Be7 7. d3 Bg4 8. Nbd2
b5 9. Bb3 Na5 10. Bc2 c5 11. h3 Bh5 12. Re1 O-O 13. Nf1 Nc6 14. Ng3 Bxf3 15.
Qxf3 Qd7 16. Nf5 Bd8 17. Bh6 Ne8 18. Bxg7 Nxg7 19. Qg4 1-0

[Event "32. Copenhagen Open (Politiken Cup)"]
[Site "Elsinore"]
[Date "2010.08.01"]
[Round "3"]
[White "Akdag, Dara Sevkan"]
[Black "Bulski, Krzysztof"]
[Result "0-1"]
[WhiteElo "2164"]
[BlackElo "2434"]
[PlyCount "82"]
[EventDate "2010.07.31"]
[EventType "swiss"]
[EventRounds "10"]
[EventCountry "DEN"]
[Source "ChessBase"]
[SourceDate "2010.09.01"]

1. d4 Nf6 2. c4 e6 3. Nf3 c5 4. d5 b5 5. g3 bxc4 6. d6 Qb6 7. Bg2 Bb7 8. Bf4
Nd5 9. Be5 f6 10. e4 fxe5 11. exd5 Bxd5 12. Nc3 Bb7 13. O-O Qxd6 14. Qxd6 Bxd6
15. Nb5 Ke7 16. Rfd1 e4 17. Nd2 Bc6 18. Nxd6 Kxd6 19. Nxe4+ Ke7 20. Nd6 Bxg2
21. Kxg2 Nc6 22. Rac1 Nd4 23. Nxc4 Rab8 24. Ne5 Rhc8 25. Rc4 d6 26. Nd3 e5 27.
b3 g5 28. Re1 Kd7 29. Ra4 Rc7 30. Re4 Ke6 31. h4 Kf5 32. f3 h6 33. hxg5 hxg5
34. Re1 Ke6 35. Rh1 Rf7 36. Rh6+ Kd5 37. Ne1 g4 38. fxg4 Rbf8 39. Nd3 Ke4 40.
Nf4 exf4 41. gxf4 Rxf4 0-1

[Event "32. Copenhagen Open (Politiken Cup)"]
[Site "Elsinore"]
[Date "2010.08.01"]
[Round "3"]
[White "Amarapala, Sherington"]
[Black "Nielsen, Jens Holm"]
[Result "0-1"]
[WhiteElo "1694"]
[BlackElo "1901"]
[PlyCount "136"]
[EventDate "2010.07.31"]
[EventType "swiss"]
[EventRounds "10"]
[EventCountry "DEN"]
[Source "ChessBase"]
[SourceDate "2010.09.01"]

1. e4 Nc6 2. d4 d5 3. e5 Bf5 4. Nf3 f6 5. exf6 exf6 6. Bb5 Nge7 7. O-O Qd7 8.
Bf4 O-O-O 9. Nc3 Ng6 10. Bg3 h5 11. h4 Re8 12. a4 a6 13. Bd3 Nb4 14. Bxf5 Qxf5
15. Rc1 Ne7 16. Qd2 Nbc6 17. Ne2 g6 18. b4 Bh6 19. Bf4 Bxf4 20. Nxf4 g5 21.
hxg5 fxg5 22. Ne2 g4 23. Nh2 Ng6 24. b5 Nb8 25. Ng3 Qf4 26. Qd3 Qg5 27. c4 Nf4
28. Qc2 h4 29. cxd5 Nxd5 30. Nf5 Rd8 31. Ne3 c6 32. Nexg4 Rhg8 33. bxc6 Nxc6
34. Qe4 Kb8 35. Rc5 Qf4 36. Qxf4+ Nxf4 37. d5 Rxd5 38. Rxd5 Nxd5 39. Re1 Nc3
40. Nf6 Rd8 41. Ra1 Rd4 42. Nf3 Rb4 43. a5 Na4 44. Kh2 Nxa5 45. Kh3 Nb3 46. Rb1
Nc3 47. Rb2 a5 48. Nxh4 a4 49. Nd7+ Kc7 50. Nc5 Kc6 51. Nxb3 Rxb3 52. Rxb3 axb3
53. Nf3 b2 54. Nd2 b1=Q 55. Nxb1 Nxb1 56. g4 Kd6 57. g5 Nd2 58. Kg4 Ke6 59. f4
Ne4 60. f5+ Ke5 61. f6 Ke6 62. Kf4 Nd6 63. Ke3 Ke5 64. Kd3 b5 65. Kc3 Kf5 66.
Kb4 Kg6 67. Kc5 Kf7 68. g6+ Kxf6 0-1

[Event "32. Copenhagen Open (Politiken Cup)"]
[Site "Elsinore"]
[Date "2010.08.01"]
[Round "3"]
[White "Andersen, Jackie"]
[Black "Ganguly, Surya Shekhar"]
[Result "1/2-1/2"]
[WhiteElo "2276"]
[BlackElo "2655"]
[PlyCount "69"]
[EventDate "2010.07.31"]
[EventType "swiss"]
[EventRounds "10"]
[EventCountry "DEN"]
[Source "ChessBase"]
[SourceDate "2010.09.01"]

1. c4 Nf6 2. Nc3 g6 3. g3 Bg7 4. Bg2 O-O 5. e4 d6 6. Nge2 Nbd7 7. h3 e5 8. O-O
Re8 9. d3 c6 10. Bg5 a6 11. Qd2 b5 12. Rad1 Bb7 13. f4 h6 14. Bh4 Rb8 15. Rf2
Qb6 16. Rdf1 exf4 17. gxf4 bxc4 18. dxc4 Nc5 19. Ng3 Rbd8 20. b4 Ne6 21. f5 Nf8
22. fxg6 Nxg6 23. Nf5 Nxh4 24. Nxg7 Kxg7 25. Qf4 Re6 26. Qxh4 Qe3 27. Nd5 cxd5
28. cxd5 Nxd5 29. Qxd8 Nf4 30. Qh4 Nxg2 31. Kxg2 Bxe4+ 32. Kh2 Bg6 33. Qg3
Qxg3+ 34. Kxg3 d5 35. Rf4 1/2-1/2

[Event "32. Copenhagen Open (Politiken Cup)"]
[Site "Elsinore"]
[Date "2010.08.01"]
[Round "3"]
[White "Andersen, Rune Egede"]
[Black "Rundgren, Anders"]
[Result "1/2-1/2"]
[WhiteElo "2100"]
[BlackElo "1915"]
[PlyCount "120"]
[EventDate "2010.07.31"]
[EventType "swiss"]
[EventRounds "10"]
[EventCountry "DEN"]
[Source "ChessBase"]
[SourceDate "2010.09.01"]

1. e4 c6 2. d4 d5 3. exd5 cxd5 4. Bd3 Nc6 5. c3 Nf6 6. Bf4 Bg4 7. Qb3 Qc8 8.
Nd2 e6 9. Ngf3 Be7 10. O-O O-O 11. Ne5 Nxe5 12. dxe5 Nd7 13. Qc2 g6 14. h3 Bf5
15. Bxf5 exf5 16. Nf3 Nc5 17. Rad1 Ne6 18. Bh6 Rd8 19. Qb3 Nc5 20. Qc2 Ne6 21.
Be3 Qc4 22. a3 f4 23. Bd4 Rd7 24. Rd2 b5 25. Rfd1 a5 26. Rd3 b4 27. Qa4 Rdd8
28. Bb6 Nc5 29. Bxc5 Qxc5 30. axb4 axb4 31. Qxb4 Qxb4 32. cxb4 Rab8 33. Nd4
Rdc8 34. Rb3 Rxb4 35. Rxb4 Bxb4 36. Kf1 Rc4 37. Ke2 Bc5 38. Nb3 Bb4 39. Kd3 Re4
40. Nd4 Bc5 41. Nc6 Bxf2 42. Ne7+ Kf8 43. Nxd5 Rxe5 44. Nxf4 Bg3 45. Rf1 Rb5
46. Ne6+ Ke7 47. Nd4 Rxb2 48. Ke3 Bc7 49. Ne2 f5 50. Rc1 Bb6+ 51. Kf3 Rb3+ 52.
Rc3 Rxc3+ 53. Nxc3 Ke6 54. g4 fxg4+ 55. Kxg4 h5+ 56. Kg5 Kf7 57. Nd5 Bd8+ 58.
Kf4 Ke6 59. Ke4 g5 60. Ne3 g4 1/2-1/2

[Event "32. Copenhagen Open (Politiken Cup)"]
[Site "Elsinore"]
[Date "2010.08.01"]
[Round "3"]
[White "Antonsen, Mikkel"]
[Black "Petersen, Steen"]
[Result "1-0"]
[WhiteElo "2463"]
[BlackElo "2152"]
[PlyCount "67"]
[EventDate "2010.07.31"]
[EventType "swiss"]
[EventRounds "10"]
[EventCountry "DEN"]
[Source "ChessBase"]
[SourceDate "2010.09.01"]

1. d4 Nf6 2. c4 g6 3. Nc3 Bg7 4. e4 d6 5. f3 O-O 6. Nge2 c5 7. d5 e6 8. Ng3
exd5 9. cxd5 h5 10. Bg5 Qb6 11. Qb3 Qc7 12. Be2 Nh7 13. Be3 Qe7 14. O-O h4 15.
Nh1 f5 16. Bxc5 Nd7 17. Bf2 f4 18. h3 Ne5 19. Kh2 Ng5 20. Bg1 Bxh3 21. gxh3 Qd7
22. Nf2 Nexf3+ 23. Bxf3 Nxf3+ 24. Kh1 Ng5 25. Qb5 Qc8 26. Qd3 f3 27. e5 dxe5
28. Qxg6 Nxh3 29. Bh2 Nf4 30. Bxf4 Rxf4 31. Nce4 Qf5 32. Rg1 Qxg6 33. Rxg6 Kf7
34. Rd6 1-0

[Event "32. Copenhagen Open (Politiken Cup)"]
[Site "Elsinore"]
[Date "2010.08.01"]
[Round "3"]
[White "Baklan, Vladimir"]
[Black "Dyrgaard, Kristoffer"]
[Result "1-0"]
[WhiteElo "2638"]
[BlackElo "2254"]
[PlyCount "67"]
[EventDate "2010.07.31"]
[EventType "swiss"]
[EventRounds "10"]
[EventCountry "DEN"]
[Source "ChessBase"]
[SourceDate "2010.09.01"]

1. e4 c5 2. Nf3 Nc6 3. Bb5 Nf6 4. Bxc6 dxc6 5. d3 Bg4 6. Nbd2 e6 7. h3 Bh5 8.
Nc4 Be7 9. Bf4 b5 10. Nce5 Qb6 11. g4 Bg6 12. h4 O-O-O 13. Qe2 h5 14. Nxg6 fxg6
15. Ne5 Bd6 16. Nxg6 Bxf4 17. Nxf4 e5 18. Ng6 Rhe8 19. g5 Nd7 20. Qxh5 c4 21.
Qg4 cxd3 22. cxd3 Kb7 23. Rh3 Nc5 24. Rd1 Rd6 25. Qf5 Qd8 26. Nxe5 g6 27. Nxg6
Rxe4+ 28. Kf1 Rd5 29. dxe4 Rxd1+ 30. Kg2 Nd3 31. Qf6 Ne1+ 32. Kh2 Qd2 33. Ne5
Rc1 34. Rc3 1-0

[Event "32. Copenhagen Open (Politiken Cup)"]
[Site "Elsinore"]
[Date "2010.08.01"]
[Round "3"]
[White "Brondum, Eric"]
[Black "Unzicker, Ferdinand"]
[Result "0-1"]
[WhiteElo "2145"]
[BlackElo "2324"]
[PlyCount "88"]
[EventDate "2010.07.31"]
[EventType "swiss"]
[EventRounds "10"]
[EventCountry "DEN"]
[Source "ChessBase"]
[SourceDate "2010.09.01"]

1. d4 e6 2. c4 d5 3. Nf3 Nf6 4. Nc3 Be7 5. e3 O-O 6. Qc2 c5 7. dxc5 Bxc5 8. Be2
Nc6 9. a3 dxc4 10. Bxc4 a6 11. b4 Be7 12. Bb2 b5 13. Bd3 Bb7 14. Rd1 Qb6 15.
O-O Rac8 16. Qb1 Rfd8 17. Ne4 Nxe4 18. Bxe4 h6 19. Rxd8+ Rxd8 20. Rd1 a5 21.
Rxd8+ Nxd8 22. Bd4 Bxe4 23. Qxe4 Qc6 24. Qxc6 Nxc6 25. Bc3 axb4 26. axb4 f6 27.
Nd4 Nxd4 28. exd4 Kf7 29. Kf1 h5 30. Ke2 Ke8 31. Kd3 Kd7 32. h3 Kc6 33. g4 hxg4
34. hxg4 Kd5 35. Bd2 Bd8 36. f3 Bb6 37. Bc3 f5 38. Bb2 Bc7 39. Bc3 Bd6 40. Bd2
Bb8 41. Bc3 Bg3 42. Bd2 Bc7 43. Bc3 Bd6 44. Bd2 Bg3 0-1

[Event "32. Copenhagen Open (Politiken Cup)"]
[Site "Elsinore"]
[Date "2010.08.01"]
[Round "3"]
[White "Carnstam, Tomas"]
[Black "Andersen, Guttorm"]
[Result "1/2-1/2"]
[WhiteElo "2004"]
[BlackElo "1774"]
[PlyCount "82"]
[EventDate "2010.07.31"]
[EventType "swiss"]
[EventRounds "10"]
[EventCountry "DEN"]
[Source "ChessBase"]
[SourceDate "2010.09.01"]

1. b3 d5 2. Bb2 Bf5 3. e3 e6 4. Ne2 Nf6 5. Ng3 Bg6 6. h4 h5 7. Bd3 Bxd3 8. cxd3
c5 9. Qf3 Nbd7 10. d4 Rc8 11. Nc3 cxd4 12. exd4 a6 13. O-O-O Be7 14. Kb1 g6 15.
Rde1 b5 16. Qe2 Nb6 17. Qd3 Ng4 18. Nd1 Rc6 19. f3 Nh6 20. Nf1 Bxh4 21. g3 Bf6
22. Nfe3 Qc7 23. g4 h4 24. Nc3 O-O 25. Ng2 g5 26. f4 Qe7 27. Nxh4 gxf4 28. Ng6
fxg6 29. Rxh6 Bg7 30. Rxg6 Rf6 31. Rh1 Qf7 32. Rxf6 Qxf6 33. Ne2 Nd7 34. Qh7+
Kf7 35. Rf1 Qg6+ 36. Qxg6+ Kxg6 37. Nxf4+ Kg5 38. Nd3 Nf6 39. Ne5 Ne4 40. Nf3+
Kxg4 41. d3 Ng3 1/2-1/2

[Event "32. Copenhagen Open (Politiken Cup)"]
[Site "Elsinore"]
[Date "2010.08.01"]
[Round "3"]
[White "Carstensen, Jacob"]
[Black "Halamus, Agata"]
[Result "1-0"]
[WhiteElo "2295"]
[BlackElo "1996"]
[PlyCount "79"]
[EventDate "2010.07.31"]
[EventType "swiss"]
[EventRounds "10"]
[EventCountry "DEN"]
[Source "ChessBase"]
[SourceDate "2010.09.01"]

1. d4 d5 2. c4 c6 3. Nf3 Nf6 4. e3 Bf5 5. Nc3 e6 6. Nh4 Bg6 7. Be2 Nbd7 8. O-O
Bd6 9. f4 Ne4 10. g3 Nxc3 11. bxc3 Be4 12. Nf3 O-O 13. Nd2 f5 14. Nxe4 fxe4 15.
cxd5 cxd5 16. c4 Qe7 17. Qb3 Nf6 18. Rb1 b6 19. a4 Rfc8 20. Bd2 Rab8 21. Qa2 g6
22. a5 Qd7 23. Rfc1 Kg7 24. Rb5 Bc7 25. Rcb1 Bd8 26. c5 Ne8 27. R5b2 Bc7 28.
Ba6 Rd8 29. axb6 axb6 30. cxb6 Bd6 31. b7 Nc7 32. Be2 g5 33. Rb6 gxf4 34. exf4
Qe7 35. Qc2 Ne8 36. Qc6 Rd7 37. R6b2 Rc7 38. Qa6 Qf6 39. Qa7 Qd8 40. Ba5 1-0

[Event "32. Copenhagen Open (Politiken Cup)"]
[Site "Elsinore"]
[Date "2010.08.01"]
[Round "3"]
[White "Christensen, Anders"]
[Black "Jacobsen, Bo"]
[Result "1/2-1/2"]
[WhiteElo "1971"]
[BlackElo "2335"]
[PlyCount "118"]
[EventDate "2010.07.31"]
[EventType "swiss"]
[EventRounds "10"]
[EventCountry "DEN"]
[Source "ChessBase"]
[SourceDate "2010.09.01"]

1. c4 e5 2. Nc3 Nc6 3. g3 f5 4. Bg2 Nf6 5. d3 Bb4 6. Bd2 d6 7. a3 Bxc3 8. Bxc3
O-O 9. Nh3 f4 10. gxf4 Ng4 11. Qd2 Qh4 12. O-O-O Nh6 13. Ng5 Rxf4 14. Bd5+ Kh8
15. Rhg1 Rxf2 16. Nf3 Qf6 17. Qe1 Rxf3 18. Bxf3 Nd4 19. Bxd4 exd4 20. Qd2 Nf5
21. Qf4 c6 22. Rdf1 g6 23. Be4 Bd7 24. Bxf5 Bxf5 25. h4 Re8 26. Rf2 Qe5 27.
Qxe5+ Rxe5 28. Kd2 h5 29. Rg3 Kg7 30. e3 dxe3+ 31. Rxe3 Kf6 32. d4 Ra5 33. b4
Ra4 34. Rc3 a5 35. bxa5 d5 36. Ke3 dxc4 37. Rb2 Bc8 38. Rb4 Rxa5 39. Rbxc4 g5
40. Rc5 Rxc5 41. Rxc5 gxh4 42. Rxh5 h3 43. Kf4 b5 44. Rh6+ Kg7 45. Kg5 Bd7 46.
Rd6 Be8 47. Re6 Kf7 48. Rh6 Bd7 49. Rh7+ Ke6 50. Rxh3 Kd5 51. Rh7 Be6 52. Kf6
Bg4 53. Rh4 Bf3 54. Kf5 Bg2 55. Kf4 Kxd4 56. Kg3+ Be4 57. Kf2 c5 58. Ke2 b4 59.
axb4 cxb4 1/2-1/2

[Event "32. Copenhagen Open (Politiken Cup)"]
[Site "Elsinore"]
[Date "2010.08.01"]
[Round "3"]
[White "Christensen, Casper"]
[Black "Mercant Simon, Jaume"]
[Result "0-1"]
[WhiteElo "1888"]
[BlackElo "2100"]
[PlyCount "92"]
[EventDate "2010.07.31"]
[EventType "swiss"]
[EventRounds "10"]
[EventCountry "DEN"]
[Source "ChessBase"]
[SourceDate "2010.09.01"]

1. e4 e6 2. Nf3 d5 3. exd5 exd5 4. d4 Bd6 5. Bd3 Bg4 6. Be3 Nc6 7. c3 Qd7 8.
Nbd2 Nge7 9. h3 Bf5 10. Nb3 Bxd3 11. Qxd3 b6 12. O-O f6 13. Rfe1 O-O-O 14. Nbd2
g5 15. Nh2 h5 16. Ndf1 Rdg8 17. Bd2 f5 18. g3 Rg6 19. Qb5 f4 20. Kg2 Rf8 21. a4
f3+ 22. Nxf3 Rgf6 23. Re3 g4 24. hxg4 hxg4 25. N3h2 Rxf2+ 26. Kg1 Qf5 27. Qd3
Qh5 28. Re2 Bxg3 29. Rxf2 Bxf2+ 30. Kh1 g3 31. Nxg3 Qh3 32. Rf1 Nf5 33. Qa6+
Kb8 34. Nxf5 Rxf5 35. Qe2 Bg3 36. Rxf5 Qxf5 37. Qg2 Qb1+ 38. Nf1 Bd6 39. b4 Ne7
40. Bg5 Nf5 41. Bd2 Ng3+ 42. Kg1 Qd1 43. Bh6 Ne2+ 44. Kf2 Nxc3 45. Ne3 Ne4+ 46.
Qxe4 Qd2+ 0-1

[Event "32. Copenhagen Open (Politiken Cup)"]
[Site "Elsinore"]
[Date "2010.08.01"]
[Round "3"]
[White "Christensen, Christoffer Ellegaa"]
[Black "Skovgaard, Tom"]
[Result "0-1"]
[WhiteElo "1771"]
[BlackElo "2014"]
[PlyCount "90"]
[EventDate "2010.07.31"]
[EventType "swiss"]
[EventRounds "10"]
[EventCountry "DEN"]
[Source "ChessBase"]
[SourceDate "2010.09.01"]

1. d4 Nf6 2. Nf3 e6 3. Bf4 Be7 4. e3 O-O 5. c3 d6 6. Bd3 Nbd7 7. Nbd2 Re8 8.
O-O Bf8 9. e4 e5 10. Bg5 c6 11. Re1 Qc7 12. Qc2 g6 13. Qb3 Bg7 14. Bc4 Nb6 15.
Bd3 Be6 16. Qc2 Nbd7 17. Re2 Nh5 18. Rae1 b5 19. Nb3 a6 20. Nfd2 Nb6 21. Be3 a5
22. a3 a4 23. Nc1 Bd7 24. Rd1 Nf4 25. Ree1 Nxd3 26. Nxd3 Be6 27. f4 f5 28. fxe5
fxe4 29. Nxe4 Bb3 30. Qb1 dxe5 31. Rd2 Nc4 32. Rf2 Nxe3 33. Rxe3 exd4 34. cxd4
Bxd4 35. Nf6+ Bxf6 36. Rxe8+ Rxe8 37. Rxf6 Qe7 38. Rxc6 Qe3+ 39. Kh1 Qxd3 40.
Qc1 Qd1+ 41. Qxd1 Bxd1 42. h3 Re2 43. Rc1 Bb3 44. Rc5 Bc4 45. Rc8+ Kg7 0-1

[Event "32. Copenhagen Open (Politiken Cup)"]
[Site "Elsinore"]
[Date "2010.08.01"]
[Round "3"]
[White "Christensen, Esben"]
[Black "Johansen, Johnny Holler"]
[Result "1-0"]
[WhiteElo "2098"]
[BlackElo "1918"]
[PlyCount "79"]
[EventDate "2010.07.31"]
[EventType "swiss"]
[EventRounds "10"]
[EventCountry "DEN"]
[Source "ChessBase"]
[SourceDate "2010.09.01"]

1. e4 c5 2. Nf3 Nc6 3. d4 cxd4 4. Nxd4 Nf6 5. Nc3 d6 6. Be2 a6 7. f4 e6 8. a4
Be7 9. Nb3 Qc7 10. O-O b6 11. Bf3 Bb7 12. Be3 Nd7 13. Qd2 O-O 14. Nd4 Na5 15.
Qf2 Nc4 16. Bc1 Rac8 17. Kh1 Rfd8 18. g4 Bf6 19. g5 Bxd4 20. Qxd4 Qc5 21. Qd3
d5 22. exd5 exd5 23. Ne2 Nd6 24. Nd4 Ne4 25. Be3 Qc4 26. Qd1 Re8 27. Re1 Qc7
28. c3 Nf8 29. f5 Nd7 30. Bg2 Ne5 31. Rf1 Qe7 32. f6 gxf6 33. gxf6 Qd7 34. Qh5
Qg4 35. Qh6 Qg6 36. Nf5 Ng4 37. Qf4 Nxe3 38. Qxe3 Qg5 39. Qxg5+ Nxg5 40. Ne7+
1-0

[Event "32. Copenhagen Open (Politiken Cup)"]
[Site "Elsinore"]
[Date "2010.08.01"]
[Round "3"]
[White "Christensen, Simon Ellegaard"]
[Black "Ramme, Christoph"]
[Result "1-0"]
[WhiteElo "1829"]
[BlackElo "2062"]
[PlyCount "93"]
[EventDate "2010.07.31"]
[EventType "swiss"]
[EventRounds "10"]
[EventCountry "DEN"]
[Source "ChessBase"]
[SourceDate "2010.09.01"]

1. d4 Nf6 2. Nf3 g6 3. c4 c5 4. Nc3 Bg7 5. g3 O-O 6. Bg2 d6 7. O-O Nbd7 8. h3
cxd4 9. Nxd4 Nc5 10. Be3 Qb6 11. Rb1 Qb4 12. Nd5 Nxd5 13. cxd5 Nd7 14. a3 Qa5
15. Qc2 Nf6 16. b4 Qd8 17. Rbc1 Bd7 18. Qd2 Rc8 19. Bh6 Bxh6 20. Qxh6 Qb6 21.
Qf4 Qa6 22. Qe3 Kg7 23. g4 Qb6 24. g5 Ng8 25. h4 Rfe8 26. Qd2 e5 27. dxe6 fxe6
28. Rxc8 Rxc8 29. Bh3 Rc4 30. Nxe6+ Bxe6 31. Bxe6 Qd4 32. Rd1 Qxh4 33. Qb2+ Kf8
34. Bxc4 Qxc4 35. Rxd6 Qg4+ 36. Kf1 Qxg5 37. Qd2 Qxd2 38. Rxd2 Ke7 39. e4 Nf6
40. e5 Ng4 41. f4 Ne3+ 42. Ke2 Nf5 43. Kf3 h6 44. Ke4 Ng3+ 45. Kd5 Nf5 46. Rd3
Kd7 47. e6+ 1-0

[Event "32. Copenhagen Open (Politiken Cup)"]
[Site "Elsinore"]
[Date "2010.08.01"]
[Round "3"]
[White "Christiansen, Torsten Sundgaar"]
[Black "Oxener, Aldo"]
[Result "1-0"]
[WhiteElo "1733"]
[BlackElo "1494"]
[PlyCount "53"]
[EventDate "2010.07.31"]
[EventType "swiss"]
[EventRounds "10"]
[EventCountry "DEN"]
[Source "ChessBase"]
[SourceDate "2010.09.01"]

1. d4 Nf6 2. e3 e6 3. f4 c5 4. c3 cxd4 5. cxd4 d5 6. Nc3 Nc6 7. a3 Be7 8. Nf3
O-O 9. Bd3 a6 10. O-O b5 11. Ne5 Bb7 12. Ne2 Rc8 13. Ng3 b4 14. Nh5 bxa3 15.
bxa3 Ne4 16. Qg4 g6 17. Bxe4 dxe4 18. f5 Nxd4 19. f6 Bc5 20. Qg5 Nf5 21. Rxf5
exf5 22. Qh6 Qd1+ 23. Kf2 Bxe3+ 24. Bxe3 Rc2+ 25. Kg3 Rxg2+ 26. Kxg2 Qe2+ 27.
Kg1 1-0

[Event "32. Copenhagen Open (Politiken Cup)"]
[Site "Elsinore"]
[Date "2010.08.01"]
[Round "3"]
[White "Cmilyte, Viktorija"]
[Black "Hansen, Mads"]
[Result "1-0"]
[WhiteElo "2527"]
[BlackElo "2165"]
[PlyCount "109"]
[EventDate "2010.07.31"]
[EventType "swiss"]
[EventRounds "10"]
[EventCountry "DEN"]
[Source "ChessBase"]
[SourceDate "2010.09.01"]

1. d4 d5 2. c4 dxc4 3. Nf3 Nf6 4. e3 e6 5. Bxc4 c5 6. O-O a6 7. Bb3 b5 8. a4 b4
9. e4 Bb7 10. e5 Nd5 11. Nbd2 Nd7 12. Ne4 cxd4 13. Re1 Nc5 14. Nxc5 Bxc5 15.
Qd3 Qa5 16. Bd2 h6 17. Nxd4 Rd8 18. Qe4 Ba8 19. Qg4 Ne7 20. Nxe6 fxe6 21. Be3
Bxe3 22. Rxe3 Bd5 23. Bxd5 Qxd5 24. Qxb4 Nf5 25. Ree1 Kf7 26. Rac1 Rd7 27. Qf4
Rb8 28. b4 Qd2 29. Qf3 Qd3 30. Re3 Qd2 31. Ree1 Qd3 32. Re3 Qd5 33. g4 Qxf3 34.
Rxf3 Rxb4 35. gxf5 Rxa4 36. Rc6 Rd1+ 37. Kg2 exf5 38. Rxf5+ Kg8 39. Rc8+ Kh7
40. Rc7 Rg4+ 41. Kf3 Rg6 42. h4 Re1 43. Ra7 Re6 44. Kf4 Re2 45. f3 Rb6 46. Rff7
Kg6 47. Rxg7+ Kh5 48. Kf5 Rf2 49. f4 Rb4 50. Rg5+ Kxh4 51. Rg4+ Kh5 52. Rh7 Rb6
53. Rg1 Kh4 54. Rhg7 Rh2 55. e6 1-0

[Event "32. Copenhagen Open (Politiken Cup)"]
[Site "Elsinore"]
[Date "2010.08.01"]
[Round "3"]
[White "Ebeling, Jens"]
[Black "Tallaksen, Levi Andre"]
[Result "1/2-1/2"]
[WhiteElo "1999"]
[BlackElo "2177"]
[PlyCount "44"]
[EventDate "2010.07.31"]
[EventType "swiss"]
[EventRounds "10"]
[EventCountry "DEN"]
[Source "ChessBase"]
[SourceDate "2010.09.01"]

1. e4 e5 2. Bc4 d6 3. Nf3 Be7 4. d4 exd4 5. Nxd4 Nf6 6. Nc3 O-O 7. O-O c6 8. f3
Nbd7 9. Nf5 Nb6 10. Nxe7+ Qxe7 11. Bd3 h6 12. Qe2 Be6 13. Bd2 Rad8 14. Rae1
Rfe8 15. Kh1 Qc7 16. f4 Bc8 17. Qf3 Re7 18. e5 dxe5 19. fxe5 Nh7 20. Bf4 Be6
21. Qg3 Kh8 22. Ne4 Nd5 1/2-1/2

[Event "32. Copenhagen Open (Politiken Cup)"]
[Site "Elsinore"]
[Date "2010.08.01"]
[Round "3"]
[White "Fjellengen, Baard"]
[Black "Jonsson, Lennart"]
[Result "1-0"]
[WhiteElo "1909"]
[BlackElo "2105"]
[PlyCount "95"]
[EventDate "2010.07.31"]
[EventType "swiss"]
[EventRounds "10"]
[EventCountry "DEN"]
[Source "ChessBase"]
[SourceDate "2010.09.01"]

1. d4 f5 2. e4 d6 3. Nc3 Nf6 4. exf5 Bxf5 5. Bd3 Bxd3 6. Qxd3 c6 7. Nf3 g6 8.
O-O Bg7 9. Re1 Na6 10. a3 O-O 11. Qe2 Qd7 12. Qxe7 Rae8 13. Qxd7 Rxe1+ 14. Nxe1
Nxd7 15. Be3 d5 16. Nd3 Nc7 17. Ne2 Ne6 18. c3 Nf6 19. f3 g5 20. Ng3 Nd7 21.
Re1 h6 22. Bf2 Kf7 23. Nf5 Kf6 24. Nxg7 Nxg7 25. Ne5 Nb6 26. b3 h5 27. h4 Nf5
28. hxg5+ Kxg5 29. g3 Nd6 30. Be3+ Kf5 31. a4 a5 32. Kg2 Kf6 33. Rh1 Nf5 34.
Bf4 Ng7 35. g4 Rg8 36. Bg3 hxg4 37. fxg4 Nc8 38. Rf1+ Ke6 39. Rh1 Ke7 40. Rh7
Ke6 41. Rh6+ Ke7 42. Bh4+ Ke8 43. Rg6 Ne7 44. Bxe7 Kxe7 45. Kg3 Kf8 46. Kf4 Rh8
47. Rf6+ Kg8 48. Kg5 1-0

[Event "32. Copenhagen Open (Politiken Cup)"]
[Site "Elsinore"]
[Date "2010.08.01"]
[Round "3"]
[White "Gade, Jens"]
[Black "Traerup, Jorgen"]
[Result "0-1"]
[WhiteElo "1551"]
[BlackElo "1742"]
[PlyCount "130"]
[EventDate "2010.07.31"]
[EventType "swiss"]
[EventRounds "10"]
[EventCountry "DEN"]
[Source "ChessBase"]
[SourceDate "2010.09.01"]

1. f4 Nc6 2. Nf3 d6 3. e3 Bg4 4. Be2 g6 5. O-O Bg7 6. Nc3 Nf6 7. d3 a6 8. Bd2
h5 9. h3 Be6 10. Ng5 Qd7 11. Rb1 d5 12. Nxe6 Qxe6 13. a3 h4 14. Bf3 O-O-O 15.
b4 Qd6 16. b5 axb5 17. Nxb5 Qd7 18. Qc1 Kb8 19. a4 Nh5 20. Bxh5 Rxh5 21. d4 Na7
22. Nxa7 Kxa7 23. Qb2 c6 24. Qb6+ Ka8 25. a5 Rhh8 26. Ra1 Kb8 27. Rfb1 Qc7 28.
a6 Rd7 29. a7+ Ka8 30. Ba5 Qxb6 31. Bxb6 Re8 32. Ra5 e6 33. Kf2 f5 34. Ke2 Bf6
35. Kd3 Bd8 36. Bxd8 Rexd8 37. c4 Rc7 38. c5 Rdd7 39. Ra2 Rg7 40. Kc3 g5 41.
fxg5 Rxg5 42. Kb4 Rcg7 43. Rbb2 Rg3 44. Re2 R7g6 45. e4 fxe4 46. Rf2 Rg8 47.
Rfe2 Rd3 48. Rad2 Rxd2 49. Rxd2 Kxa7 50. Ra2+ Kb8 51. Ka5 Kc7 52. Rf2 Rg7 53.
Kb4 e3 54. Re2 Kd7 55. Ka5 Rg3 56. Kb6 Kc8 57. Ka7 Kc7 58. Ka8 b5 59. cxb6+
Kxb6 60. Rb2+ Kc7 61. Re2 Kd6 62. Kb7 c5 63. dxc5+ Kxc5 64. Kc7 d4 65. Kd7 d3
0-1

[Event "32. Copenhagen Open (Politiken Cup)"]
[Site "Elsinore"]
[Date "2010.08.01"]
[Round "3"]
[White "Gislason, Gudmundur"]
[Black "Haubro, Martin"]
[Result "1-0"]
[WhiteElo "2351"]
[BlackElo "1991"]
[PlyCount "59"]
[EventDate "2010.07.31"]
[EventType "swiss"]
[EventRounds "10"]
[EventCountry "DEN"]
[Source "ChessBase"]
[SourceDate "2010.09.01"]

1. d4 f5 2. Nf3 Nf6 3. g3 g6 4. Bg2 Bg7 5. O-O O-O 6. b3 d6 7. Bb2 Qe8 8. c4
Nbd7 9. d5 e5 10. dxe6 Nc5 11. Nc3 Nxe6 12. Qc2 Ng4 13. Nd5 Ne5 14. Nd4 Nxd4
15. Bxd4 Qf7 16. Rad1 c6 17. Nf4 g5 18. Nd3 Nf3+ 19. exf3 Bxd4 20. f4 g4 21.
Rfe1 Bd7 22. c5 d5 23. Ne5 Bxe5 24. Rxe5 Rfe8 25. Qd2 Rxe5 26. fxe5 b6 27. cxb6
axb6 28. a4 Be6 29. h3 Rd8 30. Qg5+ 1-0

[Event "32. Copenhagen Open (Politiken Cup)"]
[Site "Elsinore"]
[Date "2010.08.01"]
[Round "3"]
[White "Gundersen, Ingvar"]
[Black "Boje, Tobias Rosholm"]
[Result "0-1"]
[WhiteElo "1779"]
[BlackElo "2028"]
[PlyCount "83"]
[EventDate "2010.07.31"]
[EventType "swiss"]
[EventRounds "10"]
[EventCountry "DEN"]
[Source "ChessBase"]
[SourceDate "2010.09.01"]

1. e4 c6 2. d4 d5 3. e5 Bf5 4. Nf3 e6 5. Bd3 Bxd3 6. Qxd3 Nd7 7. O-O Ne7 8. b3
c5 9. c3 Nc6 10. Na3 Be7 11. Nb5 cxd4 12. cxd4 a6 13. Nd6+ Bxd6 14. exd6 Nf6
15. Ba3 Ne4 16. Rae1 Nxd6 17. h4 Ne4 18. Rxe4 dxe4 19. Qxe4 Qd5 20. Qf4 f6 21.
Rc1 Rd8 22. Re1 a5 23. Bc5 h6 24. Qg4 Kf7 25. h5 Rhe8 26. Bb6 Rc8 27. Nd2 Ne7
28. Nc4 Nf5 29. Qg6+ Kg8 30. Bc5 Nxd4 31. Nd6 Rf8 32. Nxc8 Qxc5 33. Qe4 Rxc8
34. Qxb7 e5 35. Re3 Kh8 36. Kh2 Qc7 37. Qa6 Qd8 38. Qb7 Qc7 39. Qa6 Rd8 40. Rg3
e4 41. Kh3 Qe5 42. Kg4 0-1